000 00594cam a22002053a 4500
001 44996
003 PGUSA
005 20140828084028.0
008 140224s2014||||xxu|||||s|||||000 | eng d
040 _aPGUSA
_beng
042 _adc
100 1 _aScargill, William Pitt
245 1 0 _aRank and Talent; A Novel, Vol. II (of 3)
_h[electronic resource] /
_cWilliam Pitt Scargill
260 _bProject Gutenberg,
_c2014
506 _aPublic domain in the USA.
516 _aElectronic text
830 0 _aProject Gutenberg
_v44996
856 4 0 _uhttp://www.gutenberg.org/ebooks/44996
942 _cEB
999 _c274247
_d274247